000 00510nam a2200193Ia 4500
003 BUBTL
008 151213s9999 xx 000 0 und d
082 _a677LOM
100 _a Lord, E.
_91063
245 _aManual Of Cotton Spinning (Vol-ii Part-1)
_c Lord, E.
260 _aLondon
_bThe Textile Institute
_cc1961
300 _a[xii],324p.
650 _aTextiles
650 _aTextiles
700 _a Lord, E.
_91064
856 _k0
_l0
_yDownload
942 _2ddc
_cBK
999 _c3961
_d3961